Chemical principles

Bibliographic Details
Main Author: Masterton, William L
Format: Section = Libro
Language:Undetermined
Spanish
Published: [s.l] [s.e] [s.f.]
Subjects:
LEADER 00406nam a2200169Ia 4500
008 240830s9999 xx 000 0 und d
040 |a CEDOC FIQ-RUSB / 540 M423 
041 |a spa 
082 |a 540 M423 
100 1 |a Masterton, William L 
245 1 0 |a Chemical principles 
260 |a [s.l]  |b [s.e]  |c [s.f.] 
300 |a 109 p.: il. 
650 7 |a QUÍMICA GENERAL 
942 |c BK  |2 ddc 
991 |a TEXTO 
999 |c 13898